000
00298nam a22001337a 4500
008
170613b xxu||||| |||| 00| 0 eng d
020
_a
032115973-X
041
_a
eng
080
_2
5TH
_a
32
100
_a
19
101
_a
SHP
245
_a
AMERICANN FOREIGN POLICY
_c
IKENBERRY,J
942
_2
udc
_c
BK
999
_c
17206
_d
17206